[Event "Xtracon Chess Open 2016"]
[Site "Elsinore"]
[Date "2016.07.27"]
[Round "6.9"]
[White "Wadsworth, Matthew J"]
[Black "Fressinet, Laurent"]
[Result "0-1"]
[WhiteElo "2325"]
[BlackElo "2677"]
[PlyCount "94"]
[EventDate "2016.07.23"]
[SourceDate "2015.04.14"]

1. c4 e5 2. g3 Nf6 3. Bg2 c6 4. d4 e4 5. Nc3 d5 6. cxd5 cxd5 7. Bg5 Nbd7 8. f3
Bb4 9. Nh3 O-O 10. O-O Bxc3 11. bxc3 h6 12. Bxf6 Nxf6 13. Nf2 Re8 14. fxe4 dxe4
15. Qc2 Nd5 16. Nd1 f5 17. c4 Nb6 18. e3 Be6 19. d5 Bd7 20. Nb2 Rc8 21. Qb3 Rc5
22. Rad1 Qc7 23. Rd4 h5 24. Rf2 g6 25. Bf1 Nc8 26. Na4 Bxa4 27. Qxa4 Nd6 28.
Rb2 Qa5 29. Qxa5 Rxa5 30. Kf2 Rc8 31. Be2 b6 32. h3 Kg7 33. Ke1 Ra3 34. Kf2 Kf6
35. h4 Ke7 36. Rc2 Rc5 37. Rdd2 Rca5 38. Bf1 Nb7 39. c5 Rxc5 40. Bc4 Nd6 41.
Bb3 a5 42. Rxc5 bxc5 43. Rb2 a4 44. Bd1 Nc4 45. Rb7+ Kd6 46. Rg7 Rxa2+ 47. Be2
Ne5 0-1

[Event "Xtracon Chess Open 2016"]
[Site "Elsinore"]
[Date "2016.07.28"]
[Round "7.2"]
[White "Fressinet, Laurent"]
[Black "Brunello, Sabino"]
[Result "1/2-1/2"]
[WhiteElo "2677"]
[BlackElo "2567"]
[PlyCount "138"]
[EventDate "2016.07.23"]
[SourceDate "2015.04.14"]

1. d4 Nf6 2. Nf3 e6 3. c4 b6 4. g3 Bb7 5. Bg2 Bb4+ 6. Bd2 c5 7. d5 b5 8. dxe6
dxe6 9. cxb5 O-O 10. O-O Qb6 11. Bxb4 cxb4 12. a4 bxa3 13. Nxa3 Rd8 14. Qb3
Nbd7 15. Nc4 Qc5 16. Ne3 Bxf3 17. Bxf3 Rab8 18. Ra5 a6 19. Rxa6 Rxb5 20. Qc3
Qxc3 21. bxc3 Ne5 22. Rfa1 g5 23. R6a5 Rdb8 24. c4 Rxa5 25. Rxa5 Nxf3+ 26. exf3
Rb1+ 27. Kg2 h6 28. Ra8+ Kg7 29. Rd8 Rb7 30. Rc8 Nd7 31. f4 gxf4 32. gxf4 Nf6
33. f5 e5 34. c5 Rb3 35. c6 Rc3 36. Kf1 Rc5 37. Ke2 Nd5 38. Nxd5 Rxd5 39. Ke3
Rc5 40. Ke4 Kf6 41. h4 Ke7 42. f4 exf4 43. Kxf4 Kd6 44. Rd8+ Kc7 45. Rd7+ Kxc6
46. Rxf7 Kd6 47. Rf6+ Ke7 48. Rxh6 Rc1 49. Ra6 Rf1+ 50. Kg5 Rg1+ 51. Kh6 Kf7
52. h5 Rf1 53. Ra7+ Kf6 54. Ra8 Kf7 55. Ra5 Rh1 56. Ra7+ Kf6 57. Ra8 Kxf5 58.
Rb8 Kf6 59. Rf8+ Ke7 60. Rf5 Rg1 61. Kh7 Rg2 62. h6 Rg1 63. Rf2 Rg3 64. Ra2 Rg1
65. Ra7+ Kf8 66. Rg7 Rh1 67. Rg6 Kf7 68. Rg7+ Kf8 69. Rg5 Rf1 1/2-1/2

[Event "Xtracon Chess Open 2016"]
[Site "Elsinore"]
[Date "2016.07.28"]
[Round "7.7"]
[White "Bluebaum, Matthias"]
[Black "Svane, Rasmus"]
[Result "1-0"]
[WhiteElo "2618"]
[BlackElo "2549"]
[Annotator "Matthias Krallmann"]
[PlyCount "79"]
[EventDate "2016.07.23"]
[SourceDate "2015.04.14"]

1. c4 Nf6 2. Nf3 e6 3. Nc3 d5 4. d4 Be7 5. Qc2 c5 6. dxc5 Bxc5 7. cxd5 Nxd5 8.
Bg5 $146 {Diagramm #} (8. Nxd5 Qxd5 9. e4 (9. a3 Nc6 10. e3 Be7 11. b4 e5 12.
Bc4 Qd6 13. Bb2 Bg4 14. Rd1 Qf6 15. b5 Bxf3 16. gxf3 Na5 17. Bd5 $16 {1-0
Levin,F (2478)-Mostertman,M (2312)/Netherlands 2014/EXT 2015 (32)}) 9... Qc6
10. Bd3 Bb4+ 11. Bd2 Qxc2 12. Bxc2 Bxd2+ 13. Nxd2 O-O $11 {0-1 Bluebaum,J 
(1963)-Smirnova,M (2098)/Germany 2010/CBM 133 Extra (42)}) 8... Qb6 9. O-O-O {
Diagramm #} Bd7 $2 (9... Nb4 10. Qe4 Bd7 (10... O-O 11. e3 Bd7 12. Ne5 Bc6 13.
Qg4 $14) (10... f6 11. Bh4 Qc6 12. Nd2 Bd7 13. a3 N4a6 14. e3 Be7 15. Kb1 Nc5
16. Qxc6 Bxc6 $11) 11. a3 N4a6 12. e3 Bc6 13. Qg4 Nd7 $11) (9... Bxf2 $4 10.
Nxd5 $18) 10. Nxd5 exd5 11. Rxd5 Be7 (11... Na6 12. Ne5 Be6 13. Qa4+ Kf8 14.
Nd7+ Bxd7 15. Qxd7 $16) 12. Bxe7 Kxe7 13. Qc5+ Qxc5+ 14. Rxc5 {Diagramm #} Nc6
$6 (14... Na6 15. Re5+ Kf6 16. e4 Rac8+ 17. Kb1 Nc5 18. Bc4 Nxe4 19. Rxe4 Bf5
20. Bd5 $14) 15. e4 Rac8 16. Kb1 Be6 17. Bc4 $16 Rhd8 18. Bxe6 Kxe6 19. Rhc1 f6
20. e5 Rd5 (20... f5 21. Ng5+ Ke7 22. b4 h6 23. Nh3 Ke8 24. b5 Ne7 25. Rxc8
Rxc8 26. Rxc8+ Nxc8 27. Kc2 $16) 21. exf6 gxf6 22. Re1+ Kd6 23. Rxd5+ Kxd5 24.
Rd1+ Ke6 25. g3 h5 26. a3 Rc7 27. b4 Kf5 28. Rd6 a6 29. Kb2 Re7 30. Kb3 Rc7 31.
h3 Re7 $2 (31... Rf7 $16) 32. Nh4+ Ke4 (32... Ke5 $2 33. Rxc6 $18) 33. f3+ Ke3
34. Nf5+ Kxf3 35. Nxe7 Nxe7 36. g4 h4 37. Rxf6+ Kg3 38. Re6 Nd5 39. Kc4 Nf4 40.
Re3+ 1-0

[Event "Xtracon Chess Open 2016"]
[Site "Elsinore"]
[Date "2016.07.29"]
[Round "8.3"]
[White "Brunello, Sabino"]
[Black "Bluebaum, Matthias"]
[Result "1/2-1/2"]
[WhiteElo "2567"]
[BlackElo "2618"]
[PlyCount "43"]
[EventDate "2016.07.23"]
[SourceDate "2015.04.14"]

1. d4 Nf6 2. Nf3 d5 3. c4 e6 4. Nc3 Bb4 5. Bg5 h6 6. Bxf6 Qxf6 7. e3 c5 8. Rc1
dxc4 9. Bxc4 cxd4 10. Qa4+ Bd7 11. Qxb4 dxc3 12. Qxc3 Qxc3+ 13. Rxc3 Nc6 14.
Ke2 Ke7 15. Rhc1 Rhc8 16. a3 Na5 17. Bd3 Rxc3 18. Rxc3 Rc8 19. Rxc8 Bxc8 20.
Kd2 Nc6 21. Kc3 Bd7 22. Nd4 1/2-1/2

[Event "Xtracon Chess Open 2016"]
[Site "Elsinore"]
[Date "2016.07.29"]
[Round "8.6"]
[White "Rasmussen, Allan Stig"]
[Black "Fressinet, Laurent"]
[Result "1-0"]
[WhiteElo "2504"]
[BlackElo "2677"]
[PlyCount "83"]
[EventDate "2016.07.23"]
[SourceDate "2015.04.14"]

1. e4 e5 2. Nf3 Nc6 3. Bb5 a6 4. Ba4 Nf6 5. O-O Be7 6. Re1 b5 7. Bb3 O-O 8. c3
d6 9. h3 Nd7 10. d4 Nb6 11. Nbd2 Bf6 12. Nf1 Re8 13. N1h2 Na5 14. Bc2 exd4 15.
cxd4 c5 16. b3 cxd4 17. Nxd4 g6 18. Be3 Bd7 19. Qd2 Nb7 20. Rac1 Rc8 21. Bb1
Nc5 22. Bf4 Nxe4 23. Rxe4 Rxc1+ 24. Qxc1 Rxe4 25. Bxe4 Bxd4 26. Bxd6 Bf5 27.
Bxf5 Qxd6 28. Bc8 Be5 29. Nf3 Bf4 30. Qc2 Qf6 31. g4 Nd5 32. Bb7 Nc3 33. Bxa6
b4 34. Bc4 Bd6 35. Kg2 Bc5 36. Qd3 Kg7 37. a4 Qf4 38. Qd2 Qf6 39. Qg5 Ne4 40.
Qd5 Qb2 41. Qxf7+ Kh6 42. g5+ 1-0

[Event "Xtracon Chess Open 2016"]
[Site "Elsinore"]
[Date "2016.07.30"]
[Round "9.6"]
[White "Bluebaum, Matthias"]
[Black "Rasmussen, Allan Stig"]
[Result "1-0"]
[WhiteElo "2618"]
[BlackElo "2504"]
[Annotator "Matthias Krallmann"]
[PlyCount "57"]
[EventDate "2016.07.23"]
[SourceDate "2015.04.14"]

1. d4 f5 2. Bg5 g6 3. Nc3 Bg7 4. e3 Nc6 5. Bc4 h6 (5... Nf6 6. Nf3 d6 7. Qe2 h6
8. Bh4 g5 9. Bg3 e6 10. h4 g4 11. Nd2 Nh5 12. O-O-O Nxg3 13. fxg3 $11 {0-1
Sowray,P (2368)-Cherniaev,A (2432)/Crawley 2013/CBM 153 Extra (51)}) 6. Bh4 Nf6
7. Bb3 e6 8. Nge2 g5 9. Bg3 d6 10. f3 Qe7 11. a3 Bd7 12. Qd2 O-O-O 13. O-O-O
Be8 14. e4 fxe4 15. fxe4 {Diagramm #} d5 $6 (15... Bg6 16. Qe3 (16. d5 exd5 17.
exd5 Na5 18. Ba2 Ne4 19. Nxe4 Qxe4 20. Nc3 Qg4 $11) 16... Ng4 17. Qg1 a6 18. h3
Nf6 19. Qe3 Rhf8 20. Rhf1 d5 21. exd5 Nxd5 22. Bxd5 exd5 23. Qxe7 Nxe7 $11) 16.
exd5 exd5 17. Rhe1 Qd7 18. Be5 Bf7 19. Rf1 (19. Ba4 Kb8 20. h4 $16) 19... Nxe5
20. dxe5 Ng4 21. Qd4 Bxe5 $2 (21... Kb8 22. Rxf7 Qxf7 23. Qxg4 c6 24. e6 Qc7
$13) 22. Qxa7 $16 {Diagramm #} c6 23. Na4 Qe7 24. Nd4 Be8 25. Nb6+ Kc7 26. Nb5+
(26. Qa5 Kb8 27. Nb5 cxb5 28. Bxd5 Bd4 29. Qa8+ Kc7 30. Qxb7+ Kd6 31. Rxd4 $18)
26... cxb5 27. Nxd5+ Rxd5 28. Bxd5 Kc8 29. Rfe1 1-0

[Event "Xtracon Chess Open 2016"]
[Site "Elsinore"]
[Date "2016.07.31"]
[Round "10.1"]
[White "Amin, Bassem"]
[Black "Bluebaum, Matthias"]
[Result "1/2-1/2"]
[WhiteElo "2654"]
[BlackElo "2618"]
[PlyCount "59"]
[EventDate "2016.07.23"]
[SourceDate "2015.04.14"]

1. e4 e6 2. d3 d5 3. Nd2 Nf6 4. Ngf3 Nc6 5. c3 e5 6. b4 Bd6 7. Bb2 O-O 8. g3 a5
9. a3 dxe4 10. dxe4 b6 11. Qc2 Bb7 12. Bc4 Ne7 13. O-O Qd7 14. Rfe1 Ng6 15. Bf1
Rfd8 16. Nc4 Qc6 17. Bd3 Qd7 18. Bf1 Qc6 19. b5 Qe8 20. Nxd6 cxd6 21. c4 Rac8
22. a4 Nf8 23. Nh4 Ne6 24. Rad1 g6 25. f3 Qe7 26. Ng2 Ng5 27. Nh4 Ne6 28. Qf2
Nc5 29. Ra1 Ne8 30. Ra3 1/2-1/2

[Event "Xtracon Chess Open 2016"]
[Site "Elsinore"]
[Date "2016.07.31"]
[Round "10.10"]
[White "Christiansen, Johan-Sebastian"]
[Black "Fressinet, Laurent"]
[Result "0-1"]
[WhiteElo "2411"]
[BlackElo "2677"]
[PlyCount "86"]
[EventDate "2016.07.23"]
[SourceDate "2015.04.14"]

1. Nf3 g6 2. c4 Bg7 3. g3 e5 4. d4 exd4 5. Nxd4 d5 6. Nf3 dxc4 7. Qa4+ Nc6 8.
Qxc4 Be6 9. Qa4 Qd7 10. Bg2 Nd4 11. Qxd7+ Bxd7 12. Nxd4 Bxd4 13. O-O O-O-O 14.
Nc3 Ne7 15. Rd1 Bxc3 16. bxc3 Bc6 17. Bg5 Bxg2 18. Bxe7 Rxd1+ 19. Rxd1 Bh3 20.
Rd4 Re8 21. Bg5 Bd7 22. Be3 Re5 23. Rf4 Be6 24. Ra4 a5 25. c4 Re4 26. Rxa5 Rxc4
27. h4 b6 28. Rb5 Ra4 29. Rb2 Rxa2 30. Rxa2 Bxa2 31. Kf1 c5 32. Ke1 Kd7 33. Kd2
Kc6 34. Kc3 b5 35. Bd2 Kd5 36. Be1 b4+ 37. Kc2 Bc4 38. Kd2 Bb5 39. f3 f5 40. g4
fxg4 41. fxg4 c4 42. Kc2 Ba4+ 43. Kb2 c3+ 0-1

[Event "Xtracon Chess Open 2016"]
[Site "Helsingor"]
[Date "2016.07.24"]
[Round "3"]
[White "Naroditsky, Daniel"]
[Black "Buchal, Stephan"]
[Result "1-0"]
[WhiteElo "2634"]
[BlackElo "2338"]
[Annotator "Stephan Buchal"]
[PlyCount "59"]
[EventDate "2016.??.??"]
[EventCountry "DEN"]
[SourceTitle "playchess.com"]
[Source "ChessBase"]
[TimeControl "40/5400+30:1800+30"]

1. e4 {[%emt 0:00:00]} g6 {[%emt 0:00:00]} 2. d4 {[%emt 0:00:00]} Bg7 {[%emt 0:
00:00]} 3. Nc3 {[%emt 0:00:00]} d6 {[%emt 0:00:00]} 4. f4 {[%emt 0:00:08]} a6 {
[%emt 0:01:09]} 5. Nf3 {[%emt 0:00:59]} b5 {[%emt 0:00:12]} 6. Bd3 {[%emt 0:00:
59]} Nd7 {[%emt 0:00:29]} 7. a4 {[%emt 0:00:30]} b4 {[%emt 0:01:13]} 8. Ne2 {
[%emt 0:00:08] Diese Variante wird erstaunlich selten gespielt, ich hatte sie
erst einmal in meiner Turnierpraxis. Deshalb war mir auch spontan nicht klar,
wie ich reagieren soll.} c5 {[%emt 0:05:37] Der "normale" Zug. Allerdings bin
ich mir nicht sicher, ob Schwarz wirklich Ausgleich bekommt. Die kritische
Variante ist wahrscheinlich Tigers Bauernopfer 10... cxd4. Zum Glück hat
Schwarz drei interessante Alternativen: 8... a5, 8...e6 und 8... Sgf6. Mit 8...
a5 plant Schwarz zunächst denTausch der weißfeldrigen Läufer. 8... e6 und 8.
.. Sgf6 tun etwas für die Entwicklung des Königsflügels.} (8... a5 {sieht
etwas langsam aus, aber hat auch seine Vorteile: Schwarz plant den Tausch der
weißfeldrigen Läufer und bekommt danach auf b6 ein schönes Feld für den
Springer.} 9. O-O Ba6 10. Bxa6 Rxa6 11. Qd3 Qa8 12. f5 c5 13. c3 cxd4 14. cxd4
gxf5 (14... Ngf6 $142 $11) 15. e5 $2 (15. exf5 Ngf6 16. Bg5 O-O 17. Nf4 $14)
15... e6 16. d5 $2 dxe5 17. dxe6 fxe6 18. Rd1 Ngf6 19. Qc4 O-O 20. Ng3 Qa7+ 21.
Kh1 Ng4 22. Rd2 e4 23. Ng5 Nde5 24. Qb3 Nd3 {0-1 (24) Narayanan,S (2210)
-Hillarp Persson,T (2535) Reykjavik 2008}) (8... e6 9. O-O Ngf6 10. e5 (10. f5
$5) 10... Nd5 11. a5 O-O 12. c4 bxc3 13. bxc3 c5 14. Bd2 Bb7 15. Qe1 Ne7 16.
Ng3 Bxf3 17. Rxf3 d5 18. Kh1 Nc6 19. Qf2 c4 20. Bc2 f5 21. exf6 Nxf6 22. Qe2
Re8 {mit zweischneidiger Stellung. 1-0 (40) Hermansson,E (2427)-Hillarp
Persson,T (2534) Sweden 2001}) (8... Ngf6 {etwas weniger verpflichtend als die
Expansion am Damenflügel. Schwarz entwickelt zunächst seinen Königsflügel
und bereitet die kurze Rochade vor.} 9. O-O O-O 10. e5 Nd5 11. Ng5 $5 e6 12. c4
(12. a5 $142 $1) 12... bxc3 13. bxc3 a5 14. Ne4 f5 $1 $11) 9. c3 {[%emt 0:00:
28]} bxc3 {[%emt 0:00:57] ziemlich schnell gespielt, weil ich nach} (9... Bb7 {
die Abwicklung 10.cxb4 cxb4 11.a5! befürchtete. Allerdings schreibt Tiger
Hillarp-Persson in "The Modern Tiger", dass Schwarz mit dem Tausch auf c3
warten kann und sollte! Und schlägt folgende Variante vor:} 10. O-O (10. cxb4
cxd4 $1 {darüber hatte ich kurz nachgedacht, aber es sofort verworfen.} 11.
Nexd4 Ngf6 (11... e5 12. Nb3 Ngf6 13. Qe2 d5 14. Na5 dxe4 15. Nxb7 exd3 16.
Qxd3 Qe7 17. Qd6 Rb8 18. Qxe7+ Kxe7 19. fxe5 Rxb7 20. exf6+ Nxf6 21. O-O Ne4)
12. Qe2 (12. e5 dxe5 13. fxe5 Bxf3 14. Nxf3 Ng4 15. e6 fxe6 16. Qe2 Qb6 $11)
12... O-O 13. a5 $6 e5 14. fxe5 dxe5 (14... Nxe5 $5 $11) 15. Nc2 Nh5 16. g3 f5
17. O-O f4 $13) 10... cxd4 11. cxd4 a5 $1 ({"Black must absolutely avoid"} 
11... e6 {"which leads to horrible consequences after"} 12. f5 $1 {(Tiger)}))
10. bxc3 {[%emt 0:00:06]} Bb7 {[%emt 0:02:32]} ({keineswegs besser ist} 10...
Qc7 11. O-O Bb7 12. Rb1 Rb8 13. Qe1 {"clear advantage for White" (Tiger)}) 11.
Rb1 {[%emt 0:00:23]} Rb8 {[%emt 0:05:00]} 12. O-O {[%emt 0:03:59]} e6 {[%emt 0:
16:26]} 13. f5 $1 {[%emt 0:06:51]} (13. e5 dxe5 14. fxe5 Ne7 15. Ng5 O-O 16.
Ne4 $14) 13... exf5 {[%emt 0:03:03]} 14. exf5 {[%emt 0:00:15]} Ngf6 {[%emt 0:
02:48]} 15. fxg6 {[%emt 0:33:20] Von den 33 Minuten Bedenkzeit, die der junge
Amerikaner verbrauchte, guckte er ungefähr 3 Minuten aufs Brett und eine
halbe Stunde in die Gegend. Dabei flezte er sich auf seinem Stuhl wie sein
großes norwegisches Vorbild :-)} hxg6 {[%emt 0:00:37]} 16. Nf4 {[%emt 0:00:09]
} O-O {[%emt 0:17:57]} 17. Ng5 {[%emt 0:00:24]} cxd4 {[%emt 0:04:47]} 18. cxd4
{[%emt 0:00:27]} Qa5 $6 {[%emt 0:00:24]} (18... Bc6) 19. h4 $6 {[%emt 0:00:33]
Naroditsky spielte hier alles sehr schnell. Ich weiß nicht, ob er} (19. Nxf7
$1 {in Erwägung gezogen hatte. Nach} Rxf7 20. Bxg6 Rff8 21. Bd2 Qg5 22. Qc2 {
hat Weiß starken Angriff.}) 19... Bc6 $2 {[%emt 0:03:59] Ich fühlte mich
hier schon sehr nahe am Ausgleich und wurde etwas übermütig. Besser war} (
19... Bd5 20. Rxb8 Rxb8 21. Nxd5 Qxd5 22. Bxa6 Ne4 {und Schwarz ist wegen der
Schwäche von d4 und dem gelockerten weißen Königsflügel tatsächlich nahe
am Ausgleich.}) 20. Rxb8 {[%emt 0:06:12]} Nxb8 {[%emt 0:11:43] Naroditsky
hatte hier noch 44, ich 21 Minuten Bedenkzeit.} 21. Bc4 {[%emt 0:03:59]} Bxa4 {
[%emt 0:04:13]} ({auch nach} 21... d5 22. Bb3 Qb4 23. Qd3 Ne4 24. Nxe4 dxe4 25.
Qg3 {hat Weiß klaren Vorteil}) 22. Bd2 $6 {[%emt 0:11:08]} ({Stockfish
empfiehlt hier} 22. Qd3 d5 23. Nxd5 $1 Nxd5 24. Ba3 $16) 22... Bxd1 {[%emt 0:
06:34]} 23. Bxa5 {[%emt 0:00:07]} Bc2 {[%emt 0:07:14]} 24. Bc7 {[%emt 0:03:50]
Diagramm [#]} Ne4 $4 {[%emt 0:03:00] Soweit hatte ich mich gegen den jungen GM
ganz tapfer geschlagen, aber mit nur noch 4 Minuten Bedenkzeit (+Increment)
unterläuft mir hier der entscheidende Fehler.} ({Nach} 24... Ng4 25. Bxf7+ $1
Rxf7 26. Nxf7 Bxd4+ 27. Kh1 Nf2+ 28. Kh2 Kxf7 29. Bxb8 Ng4+ 30. Kg3 Ne3 31. Rc1
Bb2 32. Re1 Bd4 {war die Sache keineswegs klar, obwohl Weiß mit der Qualle
mehr natürlich besser steht.}) 25. Nxg6 $18 {[%emt 0:08:56]} Bxd4+ {[%emt 0:
01:27]} 26. Kh2 {[%emt 0:00:04]} Nxg5 {[%emt 0:01:03]} 27. Nxf8 {[%emt 0:00:15]
} Be5+ {[%emt 0:00:16]} 28. g3 {[%emt 0:00:37]} Ne4 {[%emt 0:00:46]} 29. Rxf7 {
[%emt 0:01:18]} Nd2 {[%emt 0:00:27]} 30. Bd5 1-0

[Event "Xtracon Chess Open 2016"]
[Site "Helsingor"]
[Date "2016.07.28"]
[Round "7"]
[White "Rasmussen, Allan Stig"]
[Black "Buchal, Stephan"]
[Result "1-0"]
[WhiteElo "2504"]
[BlackElo "2338"]
[Annotator "Stephan Buchal"]
[PlyCount "55"]
[EventDate "2016.??.??"]
[EventCountry "DEN"]
[SourceTitle "playchess.com"]
[Source "ChessBase"]

{Drei Runden nach meiner Niederlage gegen Naroditsky durfte ich gegen den
nächsten Großmeister ran. Leider wieder mit Schwarz und erneut stand "Modern
Defence" auf dem Programm.} 1. e4 g6 2. d4 Bg7 3. Nc3 d6 4. Be3 a6 5. Qd2 b5 {
92 - 91} 6. f3 Nd7 7. h4 h5 8. Nh3 Bb7 9. Ng5 {Rasmussen war bestens
vorbereitet (das ist leider gegen mich sehr einfach!) und spulte alles a tempo
herunter. Ich habe hier zum ersten Mal darüber nachgedacht, ob ich möglichsr
rasch das thematische ...c5 durchsetzen kann und will.} Rc8 {Tiger
Hillarp-Persson schreibt dazu: "If Black can get away with this method of
preparing ...c5, then it should be the best move". Wenn ich seinen "Modern
Tiger" besser studiert hätte, hätte ich es mir vielleicht wirklich "erlauben
können". Hillarp-Persson analysiert außerdem die Alternativen 9...c6 und 9...
e6.} ({Gleich} 9... c5 {ist nicht gut wegen} 10. dxc5 Nxc5 11. Bd4 $14 {denn}
Nf6 $2 {scheitert an} 12. e5 $16) 10. O-O-O c5 {90 - 65} 11. e5 {Die kritische
Variante.} cxd4 12. e6 fxe6 13. Bxd4 e5 14. Be3 Nf8 $2 {Irgendwie tauchte in
meinem Unterbewusstsein dieser Zug auf ... die Erklärung fand ich später im
"Modern Tiger". Der Modern Tiger erschien 2014 und umfasst 536 Seiten
ausführlicher Analysen zum Thema: ...g6 ...Lg7 ...d6 ...a6. Zehn Jahre zuvor
war "Tiger's Modern" erschienen, nur 200 Seiten stark und von mir halbwegs
durchgearbeitet. Dort empfiehlt der Autor tatsächlich 14... Sf8. Aber die
Engines sind mittlerweile besser geworden und in seiner neuen Auflage rät
Hillarp-Persson davon ab.} (14... Qa5 $1 {ist heutzutage die Empfehlung der
Engines - natürlich steht das auch im "Modern Tiger".} 15. Ne6 ({Houdini 3
x64: 1)} 15. Bd3 Nf8 16. Rhe1 b4 17. Ne2 Bd5 18. Bxa6 Qxa6 19. Qxd5 Qc4 20.
Qxc4 Rxc4 21. Bf2 Nf6 22. c3 bxc3 23. Nxc3 N8h7 24. Nxh7 Rxh7 25. a4 Kf7 26. a5
Rh8 27. Kc2 Ra8 28. Ra1 Rc6 29. Kd3 Rb8 30. a6 Rxb2 31. a7 Rc8 32. Re2 Rb3 33.
Rc2 {[%eval 32,27]}) ({Houdini 3 x64: 2)} 15. Ne6 Bh6 16. Bd3 Kf7 17. Ng5+ Kg7
18. Kb1 Ndf6 19. Qe1 Nd5 20. Bd2 Nxc3+ 21. Bxc3 Rxc3 22. bxc3 Nf6 23. c4 Qa3
24. Ka1 Bc8 25. Rb1 bxc4 26. Bxc4 Qc5 27. Bb3 Nd5 28. Bxd5 Qxd5 29. Qc3 Bxg5
30. Rhd1 Qf7 31. hxg5 Be6 32. Rb6 Rc8 {[%eval 19,27]}) ({Houdini 3 x64: 3)} 15.
Qd3 Nf8 16. Kb1 Nh6 17. Bf2 Nf5 18. Nd5 Bh6 19. c3 Nd7 20. Qd2 Rf8 21. Be2 Qd8
22. Rde1 Nc5 23. Bd1 Ne6 24. Bb3 Bxd5 25. Bxd5 Nf4 26. g4 hxg4 27. fxg4 Nxd5
28. Qxd5 Ng7 29. Be3 Bxg5 30. hxg5 Qd7 31. Qe4 Qe6 {[%eval 8,27]}) 15... Bh6 {
"The position is hard to evaluate, but I venture to suggest taht Black has a
fair share of the chances"}) 15. Nxb5 $1 $16 {Hier dachte Rasmussen zum ersten
Mal nach - Sf8 war niht mehr unter den ersten drei Empfehlungen der Engines :-)
. Leider findet er den stärksten Zug am Brett:} Nh6 {65 - 39} (15... axb5 $2 {
geht gar nicht:} 16. Bxb5+ Bc6 17. Qd5 Qc7 18. Qf7+ Kd8 19. Qxg7 Bxb5 20. Rd2
$18) 16. Na3 $6 (16. Na7 $1 {typischer Computerzug, hält den großen Vorteil
fest.} Rb8 17. Qb4 $16) 16... Nf5 17. Bc4 $6 {Die zweite Ungenauigkeit in
einer komplizierten Stellung.} (17. Bf2 $142) 17... d5 18. Bb3 Qd6 $6 {Die
Stellung mit dem König in der Mitte und der mangelnden Entwicklung ist
natürlich nicht sehr angenehm zu spielen. In der gemeinsamen Analyse glaubten
wir, dass Schwarz nach 18...e6! gute Chancen hat mit ...De7, ...Sd7 und ...0-0
seine Entwicklung zu beenden und auszugleichen. Stockfish sieht das leider
anders:} (18... e6 $5 {Stockfish 7 64:} 19. Nc4 $1 Bc6 20. Bb6 $1 Qe7 21. Na5
Ba8 22. g4 $1 $16) 19. Bf2 $1 Rd8 $2 {Das ist einfach falsch - die Zeit wird
knapper und die Fehler nehmen zu! Es musste 19...e6 gespielt werden, aber auch
dann steht Weiß klar besser.} (19... e6 20. Qa5 Nd7 21. Nc4 Qc6 22. Kb1 $1 $16
) 20. Qa5 $18 Nh7 {44 - 8} 21. Nc4 Qf6 22. Ba4+ Bc6 23. Rxd5 $1 Rxd5 24. Qxd5
Bxa4 25. Qa8+ Kd7 {22 - 2} 26. Qb7+ Kd8 27. Bb6+ Ke8 28. Qc8# 1-0